|
|
|
|
| LEADER |
03514nam a22004093i 4500 |
| 001 |
EBC6955653 |
| 003 |
MiAaPQ |
| 005 |
20231204023222.0 |
| 006 |
m o d | |
| 007 |
cr cnu|||||||| |
| 008 |
231204s2015 xx o ||||0 ger d |
| 020 |
|
|
|a 9783839403143
|q (electronic bk.)
|
| 020 |
|
|
|z 9783899423143
|
| 035 |
|
|
|a (MiAaPQ)EBC6955653
|
| 035 |
|
|
|a (Au-PeEL)EBL6955653
|
| 035 |
|
|
|a (OCoLC)1049909774
|
| 040 |
|
|
|a MiAaPQ
|b eng
|e rda
|e pn
|c MiAaPQ
|d MiAaPQ
|
| 100 |
1 |
|
|a Autsch, Sabiene.
|
| 245 |
1 |
0 |
|a Atelier und Dichterzimmer in neuen Medienwelten :
|b Zur aktuellen Situation von Künstler- und Literaturhäusern.
|
| 250 |
|
|
|a 1st ed.
|
| 264 |
|
1 |
|a Bielefeld :
|b transcript,
|c 2015.
|
| 264 |
|
4 |
|c {copy}2015.
|
| 300 |
|
|
|a 1 online resource (266 pages)
|
| 336 |
|
|
|a text
|b txt
|2 rdacontent
|
| 337 |
|
|
|a computer
|b c
|2 rdamedia
|
| 338 |
|
|
|a online resource
|b cr
|2 rdacarrier
|
| 490 |
1 |
|
|a Schriften zum Kultur- und Museumsmanagement
|
| 505 |
0 |
|
|a Cover Atelier und Dichterzimmer in neuen Medienwelten -- INHALTSVERZEICHNIS -- Einleitung -- KONTEXT I. -- Sammeln, Zeigen, Darstellen. Zur Modernität und Medialität von Ausstellungen -- KÜNSTLERRÄUME UND ATELIERINSZENIERUNGEN -- „Expositionen" - Künstlerhaus und Atelier im Medienumbruch -- Die Wandlung des Künstlerateliers - Von dem Ort der Inszenierung zu der Inszenierung des Ortes. -- „Hier haftet, harrt, klebt das Ende" - Spoerris ‚Bronzeatelier' als Inszenierung der Erinnerung in Zeiten der Vergänglichkeit ? -- August Macke Haus. Das Wohn- und Atelierhaus zur Zeit August Macke -- Das Gerhard-Marcks-Haus in Bremen -- KONTEXT II. -- Literatur als Themenfeld und Exponat der documenta-Geschichte -- Literarisches in Szene setzen: Literatur ausstellen, darstellen, erproben -- GEDENKFRAGEN -- Centre Dürrenmatt Neuchâtel Gedenk- oder Denkstätte? -- Brecht-Haus Berlin: Authentische Dichterräume heute -- Das Brückner-Kühner-Haus in Kassel. Anmerkungen zur metonymischen Struktur einer Gedenkstätte -- Authentische Orte und rekonstruierte Erinnerungsstätten am Beispiel der Brüder Grimm -- DICHTERRÄUME UND MEDIALE ERFAHRUNG -- Medien - Literaturen. Kuratorische Schnittstellen zwischen Christine Brückner und Digitaler Poesie -- Möglichkeiten und Grenzen medienintegrierender Ausstellungskonzepte für historische Räume am Beispiel des Lessinghauses von 1730 inWolfenbüttel -- Von der Apotheose des Dichters hin zur Ausstellung des Sichtbaren. Das Schiller-Nationalmuseum und das Literaturmuseum der Moderne in Marbach -- Über Tradition und Moderne in der Marbacher Museums- und Ausstellungskonzeption, über neue Medien, Architektur und Besuchererwartungen -- KONTEXT III. -- Kein Ort? Nirgends? Anmerkungen zu Ausstellungen von Exil und Exilliteratur -- AUTORINNEN UND AUTOREN.
|
| 588 |
|
|
|a Description based on publisher supplied metadata and other sources.
|
| 590 |
|
|
|a Electronic reproduction. Ann Arbor, Michigan : ProQuest Ebook Central, 2023. Available via World Wide Web. Access may be limited to ProQuest Ebook Central affiliated libraries.
|
| 655 |
|
4 |
|a Electronic books.
|
| 700 |
1 |
|
|a Grisko, Michael.
|
| 700 |
1 |
|
|a Seibert, Peter.
|
| 776 |
0 |
8 |
|i Print version:
|a Autsch, Sabiene
|t Atelier und Dichterzimmer in neuen Medienwelten
|d Bielefeld : transcript,c2015
|z 9783899423143
|
| 797 |
2 |
|
|a ProQuest (Firm)
|
| 830 |
|
0 |
|a Schriften zum Kultur- und Museumsmanagement
|
| 856 |
4 |
0 |
|u https://ebookcentral.proquest.com/lib/matrademy/detail.action?docID=6955653
|z Click to View
|